Somebody That I Used To Know - Gotye Lyrics - Statistics

General Stats
  • This quiz has been taken 2,237 times
    2,236 since last reset
  • The average score is 270 of 325
Answer Stats
Answer % Correct
I
100%
i
100%
to
99%
you
99%
me
98%
so
98%
that
98%
a
97%
no
96%
know
95%
an
94%
and
94%
Now
94%
now
94%
somebody
94%
used
94%
your
94%
of
93%
the
93%
we
92%
didn't
90%
didnt
90%
have
90%
it
89%
then
89%
were
89%
but
88%
But
88%
think
88%
cut
87%
like
86%
just
84%
when
84%
could
83%
off
83%
said
82%
together
82%
you're
82%
don't
81%
love
80%
not
80%
friends
79%
need
79%
somebody
79%
in
78%
over
77%
be
76%
change
75%
number
75%
was
75%
nothing
74%
all
73%
die
73%
stranger
73%
go
72%
never
72%
time
72%
treat
72%
happy
71%
low
71%
make
71%
collect
70%
say
70%
for
69%
let
69%
on
69%
even
68%
feels
68%
felt
68%
happened
68%
way
67%
always
66%
rough
66%
stoop
66%
though
66%
screwed
65%
up
65%
would
65%
every
64%
live
64%
right
64%
word
64%
company
62%
lonely
62%
records
62%
wanna
61%
done
59%
out
58%
still
57%
gues
55%
i'd
55%
something
55%
told
55%
get
54%
hung
54%
remember
54%
can
52%
end
52%
catch
51%
myself
49%
sense
49%
guess
47%
it's
47%
wouldn't
47%
glad
46%
had
46%
kind
46%
certain
45%
into
44%
addicted
43%
I'll
42%
sadness
42%
admit
37%
believing
37%
well
36%
ache
35%
reading
31%
found
29%
resignation
27%
No matching quizzes found
Score Distribution
Percent of People with Each Score
Percentile by Number Answered
Your Score History
You have not taken this quiz since the last reset